Public relations

Bibliographic Details
Main Author: Kogan, Irving Smith (Author)
Format: Book
Published: New York : Alexander Hamilton Institute , c1977
Series:Modern Business
Subjects:

MARC

LEADER 00000cam a2200000 7i4500
001 0000006594
005 20070514093000.0
008 021119s1977
090 0 0 |a HF5351   |b .M62 
100 0 |a Kogan, Irving Smith ,   |e author 
245 0 0 |a Public relations   |c Irving Smith Kogan 
260 2 |a New York :   |b Alexander Hamilton Institute ,   |c c1977 
300 |a 327 p., 19 p. ; ;   |c 22 cm. 
440 0 0 |a Modern Business   |c v.17 
500 |a Includes index 
650 0 |a Public relations 
999 |a 1000033304   |b Book   |c Reference   |e Gong Badak Campus